000 00662nam a2200217Ia 4500
001 2941
003 GE_BSU
008 181216s||||||||xx |||||||||||||| ||und||
040 _cGE_BSU
080 _a665.6
100 _aГольдштейн,Р.
245 _aХимическая переработка нефти.
245 _cпод ред. В.И.Исагулянца; Ред.Н.А.Оганджанова.
250 _aПеревод с. англ.Н.С.Дабагова.
260 _aМ.
260 _bИзд-во иностранной литератури.
260 _c1952.
300 _a400стр.26см.
653 _aХимия.
942 _cBK
999 _c36989
_d36989